ENGINEERING APPLICATION OF CORRELATION AND SPECTRAL ANALYSIS (Record no. 575713)

000 -LEADER
fixed length control field 00437nam a22001337a 4500
020 ## - INTERNATIONAL STANDARD BOOK NUMBER
International Standard Book Number 0-471-05887-4
082 ## - DEWEY DECIMAL CLASSIFICATION NUMBER
Classification number 519.53702462 BEN'E
100 ## - MAIN ENTRY--PERSONAL NAME
Personal name BENDAT, J. S:PIERSOL, A. G
9 (RLIN) 68054
245 ## - TITLE STATEMENT
Title ENGINEERING APPLICATION OF CORRELATION AND SPECTRAL ANALYSIS
260 ## - PUBLICATION, DISTRIBUTION, ETC.
Place of publication, distribution, etc. NEWYORK
Name of publisher, distributor, etc. JOHN WILEY
Date of publication, distribution, etc. 1980
300 ## - PHYSICAL DESCRIPTION
Extent 302P
650 ## - SUBJECT ADDED ENTRY--TOPICAL TERM
Topical term or geographic name entry element ENGINEERING STATISTICAL METHODS CORRELATION STATISTICS SPECTRAL THEORY MATHEMATICS
9 (RLIN) 68055
942 ## - ADDED ENTRY ELEMENTS (KOHA)
Koha item type Book
Holdings
Withdrawn status Lost status Damaged status Not for loan Permanent Location Current Location Shelving location Date acquired Total Checkouts Full call number Barcode Date last seen Price effective from Koha item type
        College of Electrical & Mechanical Engineering (CEME) College of Electrical & Mechanical Engineering (CEME) General Stacks 04/14/2017   519.53702462 BEN'E CEME-16918 06/28/2021 06/28/2021 Book
© 2023 Central Library, National University of Sciences and Technology. All Rights Reserved.